000 00402nam a2200169Ia 4500
003 0STCL
008 150530s9999 xx 000 0 und d
040 _aSTCL
_cSTCL
100 _aSurendran PK
245 _aPrashanagalum Prathividikalum
260 _bThekkeparambil ; Perinthalmanna
_c1995
300 _a0
546 _aMalayalam
942 _2ddc
_cBK
999 _c40164
_d40164
005 20220125170513.0